| 000 | 00532 a2200169 4500 | ||
|---|---|---|---|
| 003 | OSt | ||
| 005 | 20240801153619.0 | ||
| 008 | 231017b |||||||| |||| 00| 0 eng d | ||
| 020 | _a978993363925 | ||
| 040 | _coclc | ||
| 082 |
_a892.73 _bALL/B |
||
| 100 | 1 |
_aʻAllūsh, Sundus Maʼmūn _99740 |
|
| 245 |
_aBathth mubāshir = : Live broadcast : majmūʻah qiṣaṣīyah _cSundus Mamun Allush |
||
| 260 |
_aBeiruth: _bDarul fikar, _c2021. |
||
| 300 | _a166 p | ||
| 942 |
_2ddc _cBK _h892.73 _iALL/B _k892.73 _mALL/B |
||
| 999 |
_c42710 _d42710 |
||